Personnages du Donjon de Naheulbeuk - Statistiques

Statistiques générales
  • Ce quiz a été pris 109 fois
  • Le résultat moyen est 10 sur 16
Statistiques - réponses
Hint Réponse % Correct
Tire à l'arc, même sur ses compagons L' Elfe
98%
"Baston !" Le Barbare
96%
"Moi j'suis venu rien que pour emmerder l'elfe" Le Nain
96%
Détecte les pièges Le Voleur
95%
"Il dit qu'il a faim" La Magicienne
94%
"Akala miamiam !" L' Ogre
93%
Chef autoproclamé Le Ranger
89%
Musicien Le Ménestrel
73%
Dort beaucoup Le Paladin de Dlul
70%
Mage et maître du donjon de Naheulbeuk Zangdar
60%
Dieu du sommeil Dlul
50%
Serviteur du maître du donjon de Naheulbeuk Reivax
39%
Mage de niv.12, chef de l'Ordre de la Béatitude de Swimaf Gontran Théogal
29%
Gnome, ex-serviteur du mage de niv.12 Gluby
17%
Cousine de la magicienne Aztoona
14%
Prêtresse, amoureuse du barbare Sonjaska
6%
Aucun quiz correspondant
Distribution des résultats
% des personnes avec chaque résultat
Percentile par nombre de réponses
Votre historique - résultats
Vous n’avez pas pris ce quiz